| 000 | 01190nam a2200217Ia 4500 | ||
|---|---|---|---|
| 008 | 230520s9999 xx 000 0 und d | ||
| 020 | _a9789577275370 9577275370 | ||
| 041 |
_achi _heng |
||
| 050 |
_aBV4596.A54 _b.W7512 2018 |
||
| 100 | _aWright, H. Norman | ||
| 245 | 0 |
_a汪汪幸福學 : _b毛小孩帶給我們的50種心靈治癒 / _c諾曼·萊特 (H. Norman Wright) 著; 王宇薇譯 |
|
| 246 |
_a汪汪幸福学 : _b毛小孩带给我们的50种心灵治愈 / |
||
| 260 |
_a台北 : _b財團法人基督教宇宙光全人關懷機構, _c2018 |
||
| 300 |
_a319 p. : _bill. ; _c21 cm. |
||
| 490 |
_a心裡/關懷 _v09 |
||
| 500 | _aTranslation of : Truly Devoted. | ||
| 505 | _aWright uses interactions with dogs to reveal God's love. A dog's gnawing reflects how people handle worry. If people give God their fears, they'll experience peace. A cowering dog becomes joyous when forgiven. When people confess sins, God forgives. From daily antics to extraordinary deeds, these dogs highlight the joys of following God. | ||
| 650 | _aDog owners -- Religious life. Dogs -- Religious aspects -- Christianity -- Meditations. | ||
| 700 | _a諾曼·萊特王宇薇 | ||
| 999 |
_c44040 _d44040 |
||